000 00614nam a2200229Ia 4500
003 OSt
005 20220923230046.0
006 a|||||r|||| 00| 0
007 ta
008 Pun
024 _a277,066
037 _cTextual
040 _aARTS
_cARTS
_bPun
041 _2Pun
_aPun
082 _aO153,3M97:g, K6
100 _aਰਾਜਨ ਪ੍ਰਭਾਕਰ
245 0 _aਕਲਾਕਾਰ
_b ਨਾਨਕ ਸਿੰਘ
260 _c1966
650 _aਪੰਜਾਬੀ ਸਾਹਿਤ
942 _hO153,3M97:g, K6
_cTEXL
_2CC
999 _c382190
_d382190